Life history evolution in plants

Wedi'i Gadw mewn:
Manylion Llyfryddiaeth
Prif Awdur: Timo Olavi Vuorisalo
Fformat: Llyfr
Iaith:Undetermined
Cyhoeddwyd: Dortrecht, The Netherlands Kluwer Academic Publishers 1999
Pynciau:
Tagiau: Ychwanegu Tag
Dim Tagiau, Byddwch y cyntaf i dagio'r cofnod hwn!
Thư viện lưu trữ: Trung tâm Học liệu Trường Đại học Cần Thơ
LEADER 00580nam a2200205Ia 4500
001 CTU_57379
008 210402s9999 xx 000 0 und d
020 |b 1952000 
082 |a 581.38 
082 |b V994 
100 |a Timo Olavi Vuorisalo 
245 0 |a Life history evolution in plants 
245 0 |c Timo Olavi Vuorisalo and Pia kristina Mutikainen 
260 |a Dortrecht, The Netherlands 
260 |b Kluwer Academic Publishers 
260 |c 1999 
650 |a plants 
650 |x evolution 
904 |i Minh 
980 |a Trung tâm Học liệu Trường Đại học Cần Thơ